| 000 | 00684nam a22001937a 4500 | ||
|---|---|---|---|
| 005 | 20180618152920.0 | ||
| 010 | _a1718EN-30 B-686582-589 | ||
| 020 |
_a9788129141965 _c295.00 |
||
| 035 | _aB-686582-589 | ||
| 037 |
_bPancy _adpl |
||
| 082 | _aN | ||
| 100 | _aSwarup, Radhika | ||
| 245 |
_aWhere the river parts / _cby Robert Mayer |
||
| 260 |
_aNew Delhi _bRupa Pub. _c2016 |
||
| 270 |
_a7/16, Ansari Road, Daryaganj, _bNew Delhi _e110002 |
||
| 300 |
_a282p. _c21cm(pbk) |
||
| 942 |
_2ddc _cEN _mSWA _hN |
||
| 999 |
_c145764 _d145764 |
||